[Event "29th ECC Women 2025"]
[Site "Rhodes GRE"]
[Date "2025.10.20"]
[Round "2.8"]
[White "Mitraka, Chrysoula-Paraskevi"]
[Black "Agarwal, Amaya"]
[Result "1/2-1/2"]
[BlackTitle "WCM"]
[WhiteElo "1792"]
[BlackElo "1818"]
[WhiteTeam "Aris Thessalonikis"]
[BlackTeam "SK Zmaj"]
[WhiteFideId "2409968"]
[BlackFideId "48733580"]
[EventDate "2025.10.19"]
[EventType "team"]

1. d4 d5 2. c4 e6 3. Nc3 Be7 4. cxd5 exd5 5. Bf4 Nf6 6. e3 c6 7. Bd3 O-O 8. Qc2
Re8 9. Nf3 Nbd7 10. O-O Nf8 11. h3 Ng6 12. Bh2 Bd6 13. Rab1 Bxh2+ 14. Kxh2 a5
15. a3 Qe7 16. Bf5 Bxf5 17. Qxf5 Ne4 18. Nxe4 dxe4 19. Nd2 Nh4 20. Qg4 f5 21.
Qe2 Qg5 22. g3 Ng6 23. h4 Nxh4 24. Qc4+ Kh8 25. gxh4 Qxh4+ 26. Kg2 Qg4+ 27. Kh2
Qh5+ 28. Kg2 Qg6+ 29. Kh2 Qh6+ 30. Kg2 Qg6+ 31. Kh2 Qh6+ 32. Kg2 Re6 33. Rg1
Rg6+ 34. Kf1 Qh3+ 35. Ke2 Qh5+ 36. Kf1 Qh3+ 37. Ke2 Qh5+ 38. Kf1 Qh3+ 39. Ke2
Qh5+ 1/2-1/2

[Event "29th ECC Women 2025"]
[Site "Rhodes GRE"]
[Date "2025.10.20"]
[Round "2.8"]
[White "Tomasi, Elise"]
[Black "Narva, Mai"]
[Result "0-1"]
[WhiteTitle "WFM"]
[BlackTitle "IM"]
[WhiteElo "2095"]
[BlackElo "2403"]
[WhiteTeam "C'Chartres échecs"]
[BlackTeam "Turkish Airlines sports club"]
[WhiteFideId "26088843"]
[BlackFideId "4500512"]
[EventDate "2025.10.19"]
[EventType "team"]

1. d4 Nf6 2. Nf3 e6 3. g3 b5 4. Bg2 Bb7 5. O-O Be7 6. a4 b4 7. c4 O-O 8. Nbd2 c5
9. Nb3 Na6 10. Bf4 Rc8 11. Rc1 d5 12. Ne5 cxd4 13. Nxd4 Nc5 14. Nd3 Nce4 15.
cxd5 Rxc1 16. Qxc1 Qxd5 17. Qc7 Re8 18. Qe5 Rc8 19. Qxd5 Bxd5 20. f3 Nc5 21.
Nxb4 Nxa4 22. Nd3 Nc5 23. Rc1 Bb7 24. Ne5 Nd5 25. Nb5 Nxf4 26. gxf4 a6 27. Na3
f6 28. Nec4 Nb3 29. Rc3 Nd4 30. Kf2 Bd5 31. e3 Bb4 32. Nb6 Bxc3 33. Nxc8 Bxb2
34. Ne7+ Kf7 35. Nxd5 exd5 36. exd4 Bxa3 37. f5 Bc1 38. f4 Bxf4 39. Bxd5+ Ke7
40. h3 g5 41. fxg6 hxg6 42. Kf3 Bc1 43. Ke4 Ba3 44. Bc4 a5 45. Kd5 Bb4 46. Bd3
f5 47. Ke5 Bd6+ 48. Kd5 a4 49. Bc4 g5 50. Ba2 a3 51. Bb1 g4 52. hxg4 fxg4 53.
Ke4 Kd7 54. Ba2 g3 55. Kf3 Kc6 56. Bc4 Kb6 0-1

[Event "29th ECC Women 2025"]
[Site "Rhodes GRE"]
[Date "2025.10.20"]
[Round "2.9"]
[White "Li, Xueyi"]
[Black "Sivanandan, Bodhana"]
[Result "1/2-1/2"]
[WhiteTitle "WGM"]
[BlackTitle "WFM"]
[WhiteElo "2211"]
[BlackElo "2205"]
[WhiteTeam "Streatham & Brixton"]
[BlackTeam "She plays to win Lionesses #1"]
[WhiteFideId "8605912"]
[BlackFideId "497592"]
[EventDate "2025.10.19"]
[EventType "team"]

1. d4 d5 2. c4 c6 3. cxd5 cxd5 4. Nf3 Nc6 5. Nc3 Nf6 6. Bf4 a6 7. Rc1 Bf5 8. e3
Rc8 9. Ne5 Qb6 10. Bd3 Bxd3 11. Nxd3 e6 12. O-O Be7 13. Na4 Qa7 14. Ne5 O-O 15.
Bg5 Rfe8 16. Qb3 Na5 17. Qb6 Qxb6 18. Nxb6 Rxc1 19. Rxc1 Bd8 20. Nc8 h6 21. Nd6
Rf8 22. Bxf6 Bxf6 23. Nd7 Rd8 24. Rc7 Be7 25. Nxb7 Nxb7 26. Rxb7 Bd6 27. g3 a5
28. Nc5 e5 29. Rb5 exd4 30. exd4 Bc7 31. Na6 Bd6 32. Rxd5 Be7 33. Rxd8+ Bxd8 34.
Nb8 Kf8 35. Nc6 Bb6 36. Kg2 Ke8 37. Kf3 Kd7 38. Ne5+ Ke6 39. Ke4 f5+ 40. Kd3 Kd5
41. Nc4 Bxd4 42. Ne3+ Kc5 43. b3 g6 44. a3 Bf6 45. Nc4 Kb5 46. f3 a4 47. b4 h5
48. h3 Kc6 49. Nd2 Be5 50. f4 Bf6 51. h4 Kd5 52. Nb1 Bb2 53. Nc3+ Kc6 54. Nxa4
Bxa3 55. Kc4 Bc1 56. Nc5 Be3 57. b5+ Kd6 58. Nd3 Bg1 59. Ne5 Bf2 60. Nxg6 Bxg3
61. b6 Kc6 62. b7 Kxb7 63. Kd5 Kc7 64. Ke6 Kc6 65. Kxf5 Kd6 66. Kg5 Ke6 67. Ne5
Kd5 68. Ng6 Ke6 69. f5+ Kf7 70. Kxh5 Kf6 71. Kg4 Be1 72. h5 Bd2 73. Nf4 Kg7 74.
Nd5 Kf7 75. Nf4 Kg7 76. Ne6+ Kf6 77. Nc5 Bh6 78. Nd3 Bd2 79. Nf4 Kg7 1/2-1/2

[Event "29th ECC Women 2025"]
[Site "Rhodes GRE"]
[Date "2025.10.20"]
[Round "2.9"]
[White "Bivol, Alina"]
[Black "Zhu, Jiner"]
[Result "0-1"]
[WhiteTitle "IM"]
[BlackTitle "GM"]
[WhiteElo "2361"]
[BlackElo "2569"]
[WhiteTeam "Crvena Zvezda"]
[BlackTeam "Tajfun SK Ljubljana"]
[WhiteFideId "4100123"]
[BlackFideId "8608059"]
[EventDate "2025.10.19"]
[EventType "team"]

1. e4 c5 2. Nf3 d6 3. d4 cxd4 4. Nxd4 Nf6 5. Nc3 a6 6. Be2 e5 7. Nb3 Be7 8. Be3
Be6 9. O-O O-O 10. Re1 Qc7 11. a4 Nc6 12. Nd5 Bxd5 13. exd5 Nb4 14. c4 a5 15.
Bd2 Ne4 16. Bxb4 axb4 17. Bd3 Nc5 18. Nxc5 Qxc5 19. Qg4 Rad8 20. Re3 g6 21. Rg3
Kh8 22. Rh3 Rg8 23. Bf1 f5 24. Qd1 Rde8 25. a5 e4 26. a6 Bd8 27. axb7 Bb6 28.
Qd2 Re7 29. Rb3 Rxb7 30. Ra4 Rgb8 31. h4 Qd4 32. Qf4 Qf6 33. Be2 Bd4 34. Ra6 Bc5
35. Qh6 f4 36. Qg5 Qxg5 37. hxg5 Ra7 38. Rc6 Ra1+ 39. Kh2 Re1 40. Bg4 Bxf2 41.
Rh3 Rd8 42. c5 Bg1+ 43. Kh1 Bxc5+ 44. Kh2 Bg1+ 45. Kh1 Bf2+ 46. Kh2 Bg1+ 47. Kh1
Bd4+ 48. Kh2 Be5 49. Rc7 f3+ 50. g3 h5 51. Rf7 Re2+ 0-1

[Event "29th ECC Women 2025"]
[Site "Rhodes GRE"]
[Date "2025.10.20"]
[Round "2.10"]
[White "Subramanian, Anusha"]
[Black "Xu, Ruixi"]
[Result "1-0"]
[WhiteTitle "WFM"]
[WhiteElo "2056"]
[BlackElo "1530"]
[WhiteTeam "She plays to win Lionesses #1"]
[BlackTeam "Streatham & Brixton"]
[WhiteFideId "477710"]
[BlackFideId "8640610"]
[EventDate "2025.10.19"]
[EventType "team"]

1. e4 c5 2. Nf3 d6 3. Bb5+ Nd7 4. d4 cxd4 5. Nxd4 Nf6 6. O-O a6 7. Bd3 e5 8. Nb3
Be7 9. c4 b6 10. Nc3 a5 11. Be3 Bb7 12. a4 O-O 13. Qe2 Rc8 14. Rad1 Ba6 15. f4
Qc7 16. Nd2 Nc5 17. Bxc5 Qxc5+ 18. Kh1 exf4 19. Rxf4 Qh5 20. Nd5 Qe5 21. Rf5 Qe6
22. Nxb6 Rb8 23. Nd5 Nxd5 24. cxd5 Bxd3 25. Qxd3 Qd7 26. b3 Bf6 27. Nc4 Qc7 28.
Qg3 Be5 29. Nxe5 dxe5 30. Qxe5 Qc2 31. Rdf1 Rxb3 32. Rxf7 1-0

[Event "29th ECC Women 2025"]
[Site "Rhodes GRE"]
[Date "2025.10.20"]
[Round "2.10"]
[White "Badelka, Olga"]
[Black "Velikic, Adela"]
[Result "1-0"]
[WhiteTitle "IM"]
[BlackTitle "WIM"]
[WhiteElo "2377"]
[BlackElo "2261"]
[WhiteTeam "Tajfun SK Ljubljana"]
[BlackTeam "Crvena Zvezda"]
[WhiteFideId "13509926"]
[BlackFideId "913553"]
[EventDate "2025.10.19"]
[EventType "team"]

1. Nf3 d5 2. e3 e6 3. c4 Nf6 4. Nc3 dxc4 5. Bxc4 a6 6. e4 b5 7. Bb3 Bb7 8. e5
Nd5 9. d4 Nxc3 10. bxc3 Nd7 11. h4 Nb6 12. h5 h6 13. a4 Qd7 14. axb5 axb5 15.
Rxa8+ Bxa8 16. Rh3 Qc6 17. Bd2 Nc4 18. Kf1 Qa6 19. Kg1 Be4 20. Rg3 Qc6 21. Bc1
Nb6 22. Nd2 Bf5 23. c4 g5 24. hxg6 Bxg6 25. d5 exd5 26. cxd5 Nxd5 27. Nc4 Nb4
28. e6 Bd6 29. exf7+ Bxf7 30. Nxd6+ Qxd6 31. Bxf7+ Kxf7 32. Qf3+ Ke8 33. Bf4 Qc6
34. Qe3+ Kf7 35. Qd4 Rg8 36. Rxg8 Kxg8 37. Qxb4 Qd7 38. Qb3+ Kg7 39. Be5+ Kf8
40. Qf3+ Ke8 41. Qh5+ Kd8 42. Qxh6 Kc8 43. Qh3 1-0

[Event "29th ECC Women 2025"]
[Site "Rhodes GRE"]
[Date "2025.10.20"]
[Round "2.11"]
[White "Wang, Shanshan"]
[Black "Weersing, Abigail Riis"]
[Result "0-1"]
[BlackTitle "WFM"]
[WhiteElo "2007"]
[BlackElo "2032"]
[WhiteTeam "Streatham & Brixton"]
[BlackTeam "She plays to win Lionesses #1"]
[WhiteFideId "8605262"]
[BlackFideId "460036"]
[EventDate "2025.10.19"]
[EventType "team"]

1. e4 e6 2. d4 d5 3. e5 c5 4. c3 Nc6 5. Nf3 Bd7 6. Bd3 cxd4 7. O-O dxc3 8. Nxc3
Nge7 9. Bg5 Qb8 10. Re1 Ng6 11. Rc1 h6 12. Bxg6 fxg6 13. Qd3 Kf7 14. Nxd5 exd5
15. e6+ Bxe6 16. Rxe6 Kxe6 17. Re1+ Kd7 18. Qxd5+ Qd6 19. Qf7+ Be7 20. Bxe7 Nxe7
21. Ne5+ Kc8 22. Qc4+ Nc6 23. Nf7 Qd2 24. Qg4+ Kc7 25. Rd1 Rhe8 26. Kf1 Re4 27.
Qg3+ Qf4 28. Qxg6 Rf8 29. f3 Rxf7 0-1

[Event "29th ECC Women 2025"]
[Site "Rhodes GRE"]
[Date "2025.10.20"]
[Round "2.11"]
[White "Mehmed, Elif"]
[Black "Vantika, Agrawal"]
[Result "0-1"]
[WhiteTitle "WGM"]
[BlackTitle "IM"]
[WhiteElo "2295"]
[BlackElo "2377"]
[WhiteTeam "Crvena Zvezda"]
[BlackTeam "Tajfun SK Ljubljana"]
[WhiteFideId "2921103"]
[BlackFideId "25050389"]
[EventDate "2025.10.19"]
[EventType "team"]

1. e4 c5 2. Nf3 d6 3. d4 cxd4 4. Qxd4 Nc6 5. Qe3 g6 6. Nc3 Bh6 7. Qd3 Bg7 8. Nd5
Bg4 9. c3 e6 10. Ne3 Bxf3 11. gxf3 Nf6 12. Ng4 Nh5 13. Bd2 f5 14. Ne3 O-O 15.
exf5 Ne5 16. Qb5 Nxf3+ 17. Ke2 Ne5 18. Kd1 gxf5 19. Be2 Nf6 20. Rg1 Kh8 21. Qxb7
Rf7 22. Qa6 Rb8 23. Kc2 Ne4 24. Be1 Nc5 25. Qa3 Qh4 26. b4 Qe4+ 27. Kd2 f4 28.
Nc2 f3 29. Bf1 Ncd3 30. Ne3 Bh6 0-1

[Event "29th ECC Women 2025"]
[Site "Rhodes GRE"]
[Date "2025.10.20"]
[Round "2.12"]
[White "Ashton, Alannah"]
[Black "Yang, Le"]
[Result "1-0"]
[WhiteTitle "WCM"]
[WhiteElo "1928"]
[BlackElo "1723"]
[WhiteTeam "She plays to win Lionesses #1"]
[BlackTeam "Streatham & Brixton"]
[WhiteFideId "480681"]
[BlackFideId "8654085"]
[EventDate "2025.10.19"]
[EventType "team"]

1. e4 c5 2. Nf3 g6 3. Bc4 Bg7 4. c3 Nc6 5. d4 cxd4 6. cxd4 e6 7. Bb3 Nge7 8. O-O
O-O 9. Nc3 d5 10. e5 a6 11. Bg5 b5 12. h3 Qb6 13. Qd2 Nf5 14. Rfd1 Bb7 15. Ne2
Na5 16. g4 h6 17. gxf5 hxg5 18. f6 Bh6 19. Nxg5 Nc4 20. Qf4 Rfc8 21. Qh4 Bxg5
22. Qxg5 Qd8 23. Nf4 Qe8 24. Rd3 Rc7 25. Rg3 Qf8 26. Nxg6 fxg6 27. Qxg6+ Kh8 28.
Bc2 Qg8 29. Qh6+ Rh7 30. Rxg8+ Rxg8+ 31. Qg6 Rxg6+ 32. Bxg6 Rxh3 33. b3 Na5 34.
Rc1 Nc4 35. Bf7 Nxe5 36. dxe5 d4 37. f3 Bxf3 38. Rc8+ Kh7 39. Bxe6 Bg4 40. Bxg4
Rg3+ 41. Kh2 Rxg4 42. f7 1-0

[Event "29th ECC Women 2025"]
[Site "Rhodes GRE"]
[Date "2025.10.20"]
[Round "2.12"]
[White "Unuk, Laura"]
[Black "Srdanovic, Jovana"]
[Result "0-1"]
[WhiteTitle "IM"]
[BlackTitle "WIM"]
[WhiteElo "2317"]
[BlackElo "2198"]
[WhiteTeam "Tajfun SK Ljubljana"]
[BlackTeam "Crvena Zvezda"]
[WhiteFideId "14609215"]
[BlackFideId "954810"]
[EventDate "2025.10.19"]
[EventType "team"]

1. d4 d5 2. c4 e6 3. Nf3 Nf6 4. g3 Be7 5. Bg2 O-O 6. b3 c5 7. cxd5 Qxd5 8. O-O
cxd4 9. Bb2 Rd8 10. Qxd4 Nc6 11. Qf4 Qh5 12. h4 Ng4 13. Qc1 h6 14. Nbd2 Bd7 15.
Ne4 Rac8 16. Rd1 Nb4 17. Qf4 Rc2 18. Ne5 Rxb2 19. Nxg4 Nd5 20. Qf3 Kh8 21. Nc3
Bc6 22. Nxd5 exd5 23. e3 Bd6 24. Nh2 Qg6 25. h5 Qe6 26. Qg4 Be5 27. Qxe6 fxe6
28. Nf3 Bf6 29. Ne1 Bb5 30. a4 Be8 31. Rab1 Bxh5 32. Rxb2 Bxb2 33. Rb1 Ba3 34.
Bh3 Bg6 35. Rd1 e5 36. Nf3 Bb2 37. Nh4 Bh5 38. Rd2 Bc3 39. Rd3 d4 40. exd4 exd4
41. g4 Bf7 42. Bf1 Bxb3 43. Rf3 Bc2 44. Bc4 Be4 45. Rf4 Bh7 46. Nf5 d3 47. Bb3
Bg8 48. Bd1 Re8 49. Ne3 Bd2 50. Rf3 Bxe3 51. fxe3 Bd5 52. Rf5 Be4 53. Rf4 Re6
54. Rf8+ Kh7 55. Rd8 Rb6 56. Kf2 Rb1 57. Bf3 Bxf3 58. Kxf3 Ra1 59. Rxd3 Rxa4 60.
e4 Rb4 61. Kf4 a5 62. Kf5 a4 63. e5 Rb5 64. Ke6 Ra5 65. Ra3 b5 66. g5 b4 67. Rg3
hxg5 68. Kf7 Ra7+ 69. Kf8 a3 70. e6 a2 71. e7 Rxe7 0-1

[Event "29th ECC Women 2025"]
[Site "Rhodes GRE"]
[Date "2025.10.20"]
[Round "2.13"]
[White "Batsiashvili, Nino"]
[Black "Krasteva, Beloslava"]
[Result "0-1"]
[WhiteTitle "GM"]
[BlackTitle "FM"]
[WhiteElo "2469"]
[BlackElo "2316"]
[WhiteTeam "SuperChess"]
[BlackTeam "MSK Centar ASEE"]
[WhiteFideId "13602993"]
[BlackFideId "2922029"]
[EventDate "2025.10.19"]
[EventType "team"]

1. d4 d6 2. Nf3 Nf6 3. g3 g6 4. Bg2 Bg7 5. c4 O-O 6. Nc3 Nbd7 7. O-O e5 8. e4
Re8 9. b3 a6 10. Be3 b6 11. h3 exd4 12. Nxd4 Bb7 13. Qc2 Nc5 14. f3 Nh5 15. Qf2
f5 16. g4 Nf4 17. gxf5 Ncd3 18. Qc2 Qg5 19. Rad1 Nxh3+ 20. Kh1 Qxe3 21. Rxd3 Qh6
22. Bxh3 Qxh3+ 23. Kg1 Bxd4+ 24. Rxd4 gxf5 25. Qg2+ Qxg2+ 26. Kxg2 fxe4 27. fxe4
Re5 28. Rf4 Rf8 29. Kf3 Rxf4+ 30. Kxf4 Kf7 31. Rd3 Rh5 32. Rf3 Ke7 33. Ke3 Rg5
34. Kf4 Re5 35. Re3 Kf6 36. a4 h5 37. Rg3 h4 38. Rg8 Rh5 39. Kg4 Rh7 40. Kh3 Ke5
41. Nd5 Bxd5 42. exd5 Kd4 43. Rf8 Kc3 44. Rf3+ Kb4 45. Re3 Kc5 46. Rf3 b5 47.
axb5 axb5 48. Rf4 bxc4 49. bxc4 Kb4 50. Re4 Kc3 51. Rf4 Kd3 52. Kh2 Re7 53. Rxh4
Re4 54. Rh3+ Kd2 55. c5 dxc5 56. Ra3 c4 57. Ra2+ Kd3 58. Ra7 c3 59. Rxc7 c2 60.
d6 Kd2 61. d7 Rd4 0-1

[Event "29th ECC Women 2025"]
[Site "Rhodes GRE"]
[Date "2025.10.20"]
[Round "2.14"]
[White "Radeva, Viktoria"]
[Black "Fataliyeva, Ulviyya"]
[Result "0-1"]
[WhiteTitle "WGM"]
[BlackTitle "IM"]
[WhiteElo "2292"]
[BlackElo "2410"]
[WhiteTeam "MSK Centar ASEE"]
[BlackTeam "SuperChess"]
[WhiteFideId "2915405"]
[BlackFideId "13403052"]
[EventDate "2025.10.19"]
[EventType "team"]

1. e4 c5 2. Nc3 e6 3. d4 cxd4 4. Qxd4 Nc6 5. Qe3 Nf6 6. Nf3 Bb4 7. a3 Ng4 8. Qf4
Bxc3+ 9. bxc3 Qf6 10. Qxf6 Nxf6 11. e5 Ne4 12. h4 h5 13. Bd3 Nxc3 14. Rh3 Na4
15. Rg3 Kf8 16. Be3 b6 17. O-O-O Nc3 18. Rd2 Bb7 19. Kb2 Nd5 20. Bg5 Rc8 21. c4
Nde7 22. Bc2 Ke8 23. Rd6 Na5 24. Nd2 Nxc4+ 25. Nxc4 Rxc4 26. Bxe7 Kxe7 27. Rxg7
Be4 28. Bb3 Rc5 29. Rg5 Rhc8 30. f3 Bd5 31. Bxd5 exd5 32. Rg7 R8c6 33. Rxc6 dxc6
34. Rh7 d4 35. Rh6 Rxe5 36. Rxc6 Rc5 37. Rxc5 bxc5 38. g4 hxg4 39. fxg4 c4 40.
Kc2 f5 41. g5 f4 42. h5 Kf7 0-1

[Event "29th ECC Women 2025"]
[Site "Rhodes GRE"]
[Date "2025.10.20"]
[Round "2.15"]
[White "Bulmaga, Irina"]
[Black "Manova, Ivana"]
[Result "1-0"]
[WhiteTitle "IM"]
[BlackTitle "WFM"]
[WhiteElo "2396"]
[BlackElo "2010"]
[WhiteTeam "SuperChess"]
[BlackTeam "MSK Centar ASEE"]
[WhiteFideId "13903063"]
[BlackFideId "15003590"]
[EventDate "2025.10.19"]
[EventType "team"]

1. e4 e5 2. Nf3 Nc6 3. Bb5 a6 4. Ba4 Nf6 5. O-O Be7 6. Re1 b5 7. Bb3 d6 8. a4
Bg4 9. c3 O-O 10. h3 Bxf3 11. Qxf3 Na5 12. Bc2 c5 13. d3 Kh8 14. Nd2 Ng8 15. Nf1
Bg5 16. Bxg5 Qxg5 17. axb5 axb5 18. Ra2 Ne7 19. Rea1 Nec6 20. Bb3 Qd8 21. Bd5
Rc8 22. Ne3 b4 23. Qh5 Qc7 24. Kh2 Rb8 25. Nf5 bxc3 26. bxc3 Rb5 27. Qg5 f6 28.
Qh5 Nb7 29. Bxc6 Qxc6 30. Qf7 Rg8 31. Ra8 1-0

[Event "29th ECC Women 2025"]
[Site "Rhodes GRE"]
[Date "2025.10.20"]
[Round "2.16"]
[White "Nikolovska, Dragana"]
[Black "Efroimski, Marsel"]
[Result "0-1"]
[BlackTitle "IM"]
[WhiteElo "1898"]
[BlackElo "2380"]
[WhiteTeam "MSK Centar ASEE"]
[BlackTeam "SuperChess"]
[WhiteFideId "15000133"]
[BlackFideId "2810964"]
[EventDate "2025.10.19"]
[EventType "team"]

1. e4 g6 2. d4 Bg7 3. Nc3 d6 4. Be3 Nf6 5. Be2 c6 6. Qd2 b5 7. a3 Bb7 8. h4 h5
9. Nh3 Nbd7 10. f3 a6 11. O-O-O Qc7 12. Ng5 c5 13. dxc5 Nxc5 14. Kb1 Rc8 15. Bd4
O-O 16. Nd5 Bxd5 17. exd5 Qb7 18. Bxf6 exf6 19. Ne4 Nxe4 20. fxe4 Rfe8 21. Bd3
Re5 22. g4 hxg4 23. Qf4 b4 24. a4 b3 25. c3 Qd7 26. Bxa6 Qxa4 27. Bxc8 Rxe4 28.
Qh2 Qa2+ 29. Kc1 Bh6+ 0-1

[Event "29th ECC Women 2025"]
[Site "Rhodes GRE"]
[Date "2025.10.21"]
[Round "3.1"]
[White "Goryachkina, Aleksandra"]
[Black "Zhu, Jiner"]
[Result "1/2-1/2"]
[WhiteTitle "GM"]
[BlackTitle "GM"]
[WhiteElo "2541"]
[BlackElo "2569"]
[WhiteTeam "Cercle d'échecs de Monte-Carlo"]
[BlackTeam "Tajfun SK Ljubljana"]
[WhiteFideId "4147103"]
[BlackFideId "8608059"]
[EventDate "2025.10.19"]
[EventType "team"]

1. e4 c5 2. Nf3 d6 3. Bb5+ Bd7 4. Bxd7+ Nxd7 5. O-O e6 6. Qe2 Be7 7. b3 Bf6 8.
c3 Ne7 9. d4 Nc6 10. Rd1 O-O 11. Bf4 d5 12. Bd6 Be7 13. exd5 exd5 14. Bxe7 Qxe7
15. Qxe7 Nxe7 16. Nbd2 Rac8 17. dxc5 Nxc5 18. Nd4 Nc6 19. N2f3 Ne4 20. Nxc6 bxc6
21. Rac1 Rfd8 22. Re1 Kf8 23. Re3 a5 24. c4 a4 25. bxa4 Nd6 26. cxd5 cxd5 27.
Rd1 Nc4 28. Rb3 Ra8 29. Rb4 g6 30. g3 h6 31. Kg2 Kg7 32. Rd3 Rdb8 33. Rxb8 Rxb8
34. Nd2 Nxd2 35. Rxd2 Rb4 36. Rxd5 Rxa4 37. Rd2 g5 38. Kf3 Kg6 39. Ke3 h5 40.
Kd3 h4 41. Kc3 hxg3 42. hxg3 Ra8 43. Kb3 Rb8+ 44. Kc2 Ra8 45. Kb1 Kf5 46. Rd4
Re8 47. Kc2 Re2+ 48. Rd2 Re1 49. a4 Ke4 50. Kb3 f5 51. a5 Kf3 52. Ra2 f4 53.
gxf4 gxf4 54. a6 Re8 55. a7 Ra8 56. Kc4 Kg2 57. Kc5 f3 58. Kb6 Rh8 59. Rb2 Rh6+
60. Kb7 Rh7+ 61. Ka6 Rh6+ 62. Ka5 Rh1 63. Kb5 Rh8 64. Rc2 Re8 65. Rd2 Ra8 66.
Ka6 Rh8 67. Ra2 Re8 68. Rb2 Re6+ 69. Kb5 Re8 70. Kc6 Re6+ 71. Kc7 Re7+ 72. Kb6
Re6+ 73. Ka5 Re1 74. Rb4 Re8 75. Rb8 Re2 76. Kb4 Ra2 77. a8=Q Rxa8 78. Rxa8 Kxf2
79. Kc3 Ke2 80. Re8+ Kd1 81. Kd3 f2 82. Rf8 Ke1 83. Rxf2 Kxf2 1/2-1/2

[Event "29th ECC Women 2025"]
[Site "Rhodes GRE"]
[Date "2025.10.21"]
[Round "3.2"]
[White "Dzagnidze, Nana"]
[Black "Divya, Deshmukh"]
[Result "1/2-1/2"]
[WhiteTitle "GM"]
[BlackTitle "GM"]
[WhiteElo "2496"]
[BlackElo "2498"]
[WhiteTeam "Tajfun SK Ljubljana"]
[BlackTeam "Cercle d'échecs de Monte-Carlo"]
[WhiteFideId "13601903"]
[BlackFideId "35006916"]
[EventDate "2025.10.19"]
[EventType "team"]

1. Nf3 d5 2. e3 Nf6 3. c4 e6 4. Nc3 a6 5. b3 c5 6. cxd5 exd5 7. Bb2 Nc6 8. d4
Bg4 9. Be2 Bxf3 10. Bxf3 cxd4 11. exd4 Bb4 12. O-O Bxc3 13. Bxc3 O-O 14. Qd3 Qd7
15. a4 Rfe8 16. b4 Ne7 17. Rfe1 Nf5 18. Re5 Nh4 19. Bd1 Ne4 20. Be1 Ng6 21.
Rxe8+ Rxe8 22. Bf3 Ng5 23. Bd2 Nxf3+ 24. Qxf3 Re4 25. Be3 Nh4 26. Qd1 Nf5 27.
Qb3 Qe6 28. Rc1 Nxe3 29. fxe3 Rxe3 30. Rc8+ Qxc8 31. Qxe3 h6 32. h3 Qe6 33. Qg3
Kh7 34. Kh2 Qe4 35. Qc7 Qxd4 36. Qxb7 Qf4+ 37. Kg1 d4 38. Qd5 Qe3+ 39. Kh2 Qf4+
40. Kg1 Qe3+ 41. Kh2 Kg6 42. b5 axb5 43. axb5 d3 44. Qd6+ f6 45. b6 d2 46. b7
Qb3 47. b8=Q Qxb8 48. Qxb8 d1=Q 49. Qe8+ Kf5 50. Qb5+ Kg6 51. Qe8+ Kf5 52. Qb5+
Kg6 53. Qe8+ Kf5 1/2-1/2

[Event "29th ECC Women 2025"]
[Site "Rhodes GRE"]
[Date "2025.10.21"]
[Round "3.3"]
[White "Kosteniuk, Alexandra"]
[Black "Badelka, Olga"]
[Result "1/2-1/2"]
[WhiteTitle "GM"]
[BlackTitle "IM"]
[WhiteElo "2469"]
[BlackElo "2377"]
[WhiteTeam "Cercle d'échecs de Monte-Carlo"]
[BlackTeam "Tajfun SK Ljubljana"]
[WhiteFideId "4128125"]
[BlackFideId "13509926"]
[EventDate "2025.10.19"]
[EventType "team"]

1. e4 c5 2. Nf3 Nc6 3. Bb5 d6 4. O-O Bd7 5. d4 cxd4 6. Nxd4 Nf6 7. Nc3 e6 8. Nb3
Be7 9. Bf4 a6 10. Be2 Ne5 11. Be3 Bc6 12. f4 Ng6 13. Bd3 O-O 14. g4 d5 15. e5
Ne4 16. Nxe4 dxe4 17. Be2 Qc7 18. Qe1 f6 19. Qa5 Qxa5 20. Nxa5 Rac8 21. exf6
gxf6 22. Nxc6 Rxc6 23. f5 exf5 24. gxf5 Ne5 25. Kh1 Kh8 26. c3 Bc5 27. Bxc5 Rxc5
28. Rad1 Rcc8 29. Rf4 e3 30. Re4 Rfd8 31. Rdd4 Nc6 32. Rxd8+ Rxd8 33. Rxe3 Rd2
34. b4 Rxa2 35. Bf3 Ra3 36. Bd5 Kg7 37. Rg3+ Kh6 38. Kg2 Ne7 39. Be6 Nc6 40. Bd5
Ne7 41. Bxb7 Nxf5 42. Rd3 a5 43. bxa5 Rxa5 44. Kf3 Kg5 45. Rd5 Rxd5 1/2-1/2

[Event "29th ECC Women 2025"]
[Site "Rhodes GRE"]
[Date "2025.10.21"]
[Round "3.4"]
[White "Vantika, Agrawal"]
[Black "Kashlinskaya, Alina"]
[Result "0-1"]
[WhiteTitle "IM"]
[BlackTitle "IM"]
[WhiteElo "2377"]
[BlackElo "2450"]
[WhiteTeam "Tajfun SK Ljubljana"]
[BlackTeam "Cercle d'échecs de Monte-Carlo"]
[WhiteFideId "25050389"]
[BlackFideId "4198026"]
[EventDate "2025.10.19"]
[EventType "team"]

1. d4 Nf6 2. c4 e6 3. Nc3 Bb4 4. f3 Ba5 5. e4 d5 6. e5 Nfd7 7. cxd5 exd5 8. f4
c5 9. Nf3 Nc6 10. Be3 cxd4 11. Nxd4 O-O 12. Be2 Qh4+ 13. g3 Qh3 14. Bf1 Qh6 15.
Qd2 Nxd4 16. Bxd4 Nb8 17. Bc5 d4 18. Qxd4 Rd8 19. Bd6 Bf5 20. Bg2 Nc6 21. Qd2
Bb4 22. Bxc6 bxc6 23. O-O-O Bxd6 24. exd6 Bg4 25. Rde1 Rxd6 26. Qe3 Re6 27. Qd2
Rae8 28. Rxe6 Qxe6 29. Qf2 a5 30. Kd2 h6 31. Re1 Rd8+ 32. Kc1 Qc4 33. Qe3 a4 34.
Qe4 Rd4 35. Qe8+ Kh7 36. a3 Bf5 37. Qe5 g6 38. Qe3 Rd3 39. Qe5 Qb3 40. Re2 Rf3
41. Qd4 Rf1+ 42. Nd1 Bd3 0-1

[Event "29th ECC Women 2025"]
[Site "Rhodes GRE"]
[Date "2025.10.21"]
[Round "3.5"]
[White "Batsiashvili, Nino"]
[Black "Muzychuk, Anna"]
[Result "1-0"]
[WhiteTitle "GM"]
[BlackTitle "GM"]
[WhiteElo "2469"]
[BlackElo "2525"]
[WhiteTeam "SuperChess"]
[BlackTeam "Turkish Airlines sports club"]
[WhiteFideId "13602993"]
[BlackFideId "14111330"]
[EventDate "2025.10.19"]
[EventType "team"]

1. d4 d5 2. Nf3 Nf6 3. Bf4 Bf5 4. e3 e6 5. Bd3 Bd6 6. Bxf5 exf5 7. Qd3 Bxf4 8.
exf4 O-O 9. Qxf5 Qe8+ 10. Ne5 Qb5 11. b3 Nc6 12. c3 Ne4 13. f3 Nxd4 14. cxd4
Qb4+ 15. Ke2 Qxd4 16. fxe4 Qxa1 17. exd5 Rae8 18. Qc2 Qd4 19. Qd2 Qb6 20. Kf3
Re7 21. Nc3 Rfe8 22. Re1 Qh6 23. Ng4 Qh5 24. Rxe7 Rxe7 25. d6 cxd6 26. Qxd6 Re8
27. Qd5 Qxd5+ 28. Nxd5 Re1 29. Nge3 Ra1 30. Nc3 Rc1 31. Ne2 Ra1 32. a4 g6 33.
Nd4 Kf8 34. Ke4 Re1 35. Kd3 Ke7 36. Nf3 Rh1 37. g4 f6 38. f5 Kd6 39. Ke4 Rb1 40.
Nd2 Re1 41. b4 gxf5+ 42. gxf5 Rh1 43. Ndc4+ Kc6 44. Na5+ Kd7 45. Nxb7 Rxh2 46.
Nc5+ Kd6 47. Nd3 h5 48. Kf3 Ra2 49. a5 Ra1 50. Nf4 Rb1 51. Nxh5 Rxb4 52. Nxf6
Ra4 53. Ne4+ Ke7 54. f6+ Kf8 55. Ng5 Rxa5 56. Kf4 Ra6 57. Kf5 Rxf6+ 58. Kxf6 a5
59. Nc4 a4 60. Na3 Ke8 61. Ne4 Kd7 62. Kf7 Kc6 63. Ke6 Kc7 64. Nf6 Kc6 65. Nd7
Kc7 66. Nc5 Kc6 67. Nd3 Kc7 68. Nb4 Kd8 69. Nd5 Ke8 70. Nc7+ Kf8 71. Kf6 Kg8 72.
Ne6 Kh7 73. Kg5 Kh8 74. Kh6 Kg8 75. Kg6 Kh8 76. Nc5 Kg8 77. Nd7 Kh8 78. Nc4 a3
79. Nf6 1-0